[Event "GBR-ch 108th"]
[Site "Torquay"]
[Date "2022.08.19"]
[Round "7.25"]
[White "Ethelontis, Alexandros N"]
[Black "Forster, Matthew"]
[Result "1/2-1/2"]
[WhiteElo "2055"]
[BlackElo "2058"]
[PlyCount "82"]
[EventDate "2022.08.13"]
[EventType "swiss"]
[EventRounds "9"]
[EventCountry "GBR"]
[SourceTitle "BritBase"]
[Source "John Saunders"]
[SourceDate "2022.08.22"]
[SourceVersion "1"]
[SourceVersionDate "2022.08.22"]
[SourceQuality "2"]

1. Nf3 d5 2. c4 d4 3. b4 g5 4. Bb2 Bg7 5. Nxg5 e5 6. Ne4 f5 7. Nc5 Ne7 8. g3 b6
9. Qa4+ c6 10. Nd3 O-O 11. Bg2 Be6 12. Na3 Qc8 13. Rc1 Nd7 14. b5 e4 15. Nf4
Nc5 16. Qd1 Ng6 17. bxc6 Nxf4 18. gxf4 Qc7 19. Nb5 Qxf4 20. Bxd4 Rad8 21. Bxg7
Kxg7 22. Rc3 a6 23. Rg3+ Kf7 24. Na3 h5 25. c7 Rd6 26. h4 Rc8 27. Rg1 Rxc7 28.
Bf1 Rcd7 29. Rg7+ Kf8 30. Rxd7 Nxd7 31. e3 Qh2 32. Rg2 Qxh4 33. Qa1 Qf6 34.
Qxf6+ Nxf6 35. Be2 Ng4 36. f3 Ne5 37. fxe4 fxe4 38. Bxh5 Nxc4 39. Nxc4 Bxc4 40.
Be2 Bxe2 41. Kxe2 Ke7 1/2-1/2

[Event "GBR-ch 108th"]
[Site "Torquay"]
[Date "2022.08.19"]
[Round "7.26"]
[White "Horton, Justin"]
[Black "Payne, Matthew J"]
[Result "0-1"]
[WhiteElo "2058"]
[BlackElo "2155"]
[PlyCount "82"]
[EventDate "2022.08.13"]
[EventType "swiss"]
[EventRounds "9"]
[EventCountry "GBR"]
[SourceTitle "BritBase"]
[Source "John Saunders"]
[SourceDate "2022.08.22"]
[SourceVersion "1"]
[SourceVersionDate "2022.08.22"]
[SourceQuality "2"]

1. d4 Nf6 2. Nf3 g6 3. c4 Bg7 4. g3 O-O 5. Bg2 d6 6. O-O c5 7. Nc3 Nc6 8. d5
Na5 9. Nd2 e6 10. a3 exd5 11. cxd5 c4 12. Rb1 Bf5 13. e4 Bd7 14. Nf3 Nb3 15.
Bf4 Qb6 16. Be3 Qa6 17. h3 Rfe8 18. Nd4 Nc5 19. Qc2 Na4 20. f3 Nxc3 21. bxc3
Nxd5 22. exd5 Rxe3 23. Rfe1 Rxe1+ 24. Rxe1 Re8 25. Rxe8+ Bxe8 26. Qe4 Kf8 27.
Qf4 Qb6 28. Kh2 Bxd4 29. cxd4 Qc7 30. Qh6+ Kg8 31. Qe3 Ba4 32. Qc3 a5 33. Bf1
b5 34. h4 Bb3 35. h5 b4 36. axb4 axb4 37. Qe1 c3 38. Qe8+ Kg7 39. h6+ Kf6 40.
Qh8+ Ke7 41. Qxh7 c2 0-1

[Event "GBR-ch 108th"]
[Site "Torquay"]
[Date "2022.08.19"]
[Round "7.27"]
[White "Waddington, Michael P"]
[Black "Ashworth, Michael"]
[Result "1-0"]
[WhiteElo "2066"]
[BlackElo "2039"]
[PlyCount "83"]
[EventDate "2022.08.13"]
[EventType "swiss"]
[EventRounds "9"]
[EventCountry "GBR"]
[SourceTitle "BritBase"]
[Source "John Saunders"]
[SourceDate "2022.08.22"]
[SourceVersion "1"]
[SourceVersionDate "2022.08.22"]
[SourceQuality "2"]

1. Nc3 g6 2. e4 Bg7 3. d4 d6 4. Be3 a6 5. g4 b5 6. Bg2 Bb7 7. h4 Nf6 8. g5 Nfd7
9. h5 Rg8 10. Qg4 Nb6 11. O-O-O Qc8 12. Qh4 Nc4 13. Rh3 c5 14. Nd5 Nd7 15. hxg6
hxg6 16. Qh7 Kf8 17. Qxg8+ Kxg8 18. Nxe7+ Kf8 19. Nxc8 Rxc8 20. Ne2 Re8 21. Nc3
f5 22. gxf6 Nxf6 23. Bh6 b4 24. Nd5 Nxe4 25. Bxe4 Rxe4 26. dxc5 dxc5 27. Bxg7+
Kxg7 28. Ne3 Bc8 29. Rg3 Ne5 30. Rd8 Be6 31. Rd6 Bc8 32. b3 Rf4 33. Rd5 Nf7 34.
Rxc5 Bb7 35. Rc7 Be4 36. Rg4 g5 37. Rxg5+ Kf6 38. Rg4 Rxg4 39. Nxg4+ Ke6 40.
Rc4 Nd6 41. Rxb4 Bf3 42. Ne3 1-0

[Event "GBR-ch 108th"]
[Site "Torquay"]
[Date "2022.08.19"]
[Round "7.28"]
[White "Mulay, Partha"]
[Black "Walker, Martin G"]
[Result "1/2-1/2"]
[WhiteElo "1822"]
[BlackElo "2135"]
[PlyCount "94"]
[EventDate "2022.08.13"]
[EventType "swiss"]
[EventRounds "9"]
[EventCountry "GBR"]
[SourceTitle "BritBase"]
[Source "John Saunders"]
[SourceDate "2022.08.22"]
[SourceVersion "1"]
[SourceVersionDate "2022.08.22"]
[SourceQuality "2"]

1. Nf3 d5 2. c4 e6 3. g3 Nf6 4. Bg2 Be7 5. O-O O-O 6. d4 c6 7. b3 Nbd7 8. Bb2
Re8 9. Nc3 Nf8 10. Re1 Ng6 11. e4 Bb4 12. e5 Ne4 13. Nxe4 Bxe1 14. Qxe1 dxe4
15. Qxe4 Qa5 16. h4 h6 17. h5 Nf8 18. g4 Nh7 19. Bf1 Rf8 20. g5 Nxg5 21. Nxg5
hxg5 22. Bd3 f5 23. exf6 Qf5 24. fxg7 Qxf2+ 25. Kh1 Qf3+ 26. Qxf3 Rxf3 27. Bg6
e5 28. Kg2 g4 29. h6 Bf5 30. Bxf5 Rxf5 31. Rh1 Kh7 32. Kg3 exd4 33. Bxd4 Rd8
34. Kxg4 Rf7 35. Be3 Re8 36. Rh3 Rf6 37. Kg5 Rg6+ 38. Kf5 b6 39. Bf4 Ree6 40.
Bg5 Re2 41. a4 c5 42. Rf3 Re1 43. Bf4 Re7 44. Rd3 Rf7+ 45. Ke5 Re7+ 46. Kf5
Rf7+ 47. Ke5 Re7+ 1/2-1/2

[Event "GBR-ch 108th"]
[Site "Torquay"]
[Date "2022.08.20"]
[Round "8.1"]
[White "Wadsworth, Matthew J"]
[Black "Pert, Nicholas"]
[Result "1/2-1/2"]
[WhiteElo "2418"]
[BlackElo "2537"]
[PlyCount "99"]
[EventDate "2022.08.13"]
[EventType "swiss"]
[EventRounds "9"]
[EventCountry "GBR"]
[SourceTitle "BritBase"]
[Source "John Saunders"]
[SourceDate "2022.08.22"]
[SourceVersion "1"]
[SourceVersionDate "2022.08.22"]
[SourceQuality "2"]

1. Nf3 d5 2. b3 Bg4 3. Bb2 Nd7 4. g3 Ngf6 5. Bg2 e6 6. O-O Bd6 7. d3 O-O 8.
Nbd2 c6 9. h3 Bh5 10. Qe1 Re8 11. e4 e5 12. Nh4 Qc7 13. Nf5 Bf8 14. a4 a5 15.
Ne3 dxe4 16. dxe4 Bb4 17. g4 Bg6 18. Nf5 Rad8 19. Qe2 Nf8 20. Nc4 N6d7 21. f4
f6 22. fxe5 Nxe5 23. g5 b5 24. axb5 cxb5 25. Nxe5 fxe5 26. Rad1 Ne6 27. Rxd8
Rxd8 28. Qxb5 Nd4 29. Nxd4 exd4 30. Kh1 Qc5 31. Qxc5 Bxc5 32. Ra1 Bb6 33. Rd1
Kf7 34. Kh2 Ke6 35. Rd3 Bh5 36. Kg3 Bc5 37. Bf3 Bxf3 38. Rxf3 Bd6+ 39. Kg4 Be5
40. Rf2 Rb8 41. Bc1 Rc8 42. Bb2 Ra8 43. Bc1 g6 44. Bf4 Ra7 45. Bxe5 Kxe5 46.
Rf8 Kxe4 47. Re8+ Kd5 48. Rd8+ Ke4 49. Re8+ Kd5 50. Rd8+ 1/2-1/2

[Event "GBR-ch 108th"]
[Site "Torquay"]
[Date "2022.08.20"]
[Round "8.2"]
[White "Grieve, Harry"]
[Black "Eggleston, David J"]
[Result "1-0"]
[WhiteElo "2390"]
[BlackElo "2331"]
[PlyCount "153"]
[EventDate "2022.08.13"]
[EventType "swiss"]
[EventRounds "9"]
[EventCountry "GBR"]
[SourceTitle "BritBase"]
[Source "John Saunders"]
[SourceDate "2022.08.22"]
[SourceVersion "1"]
[SourceVersionDate "2022.08.22"]
[SourceQuality "2"]

1. d4 e6 2. Nf3 Nf6 3. Bg5 c5 4. e3 Qb6 5. Nbd2 Qxb2 6. Bd3 d5 7. Rb1 Qa3 8.
Bb5+ Bd7 9. Bxf6 Bxb5 10. Rxb5 gxf6 11. c4 dxc4 12. O-O Bg7 13. Nxc4 Qa6 14.
Qb3 Nd7 15. dxc5 O-O 16. Rd1 Rfd8 17. Nd4 Ne5 18. Rc1 Nxc4 19. Rxc4 b6 20. cxb6
axb6 21. a4 Rd6 22. g4 h6 23. Qc2 Rad8 24. Rc7 Ra8 25. Rc4 Bf8 26. Qb2 Rd5 27.
h3 Bg7 28. Rc6 Rxb5 29. axb5 Qb7 30. Qc2 Bf8 31. Qe4 Rb8 32. Ne2 Qd7 33. Nf4
Bg7 34. Nh5 Ra8 35. Rxb6 Ra1+ 36. Kg2 Qd1 37. Rb8+ Bf8 38. Nxf6+ Kg7 39. Nh5+
Kg8 40. Nf6+ Kg7 41. Nh5+ Kg8 42. Qf4 Qf1+ 43. Kg3 Qg1+ 44. Kh4 Rf1 45. Qxh6
Qxf2+ 46. Ng3 Qf6+ 47. Qxf6 Rxf6 48. Nh5 Rf3 49. b6 Rxe3 50. b7 Rb3 51. g5 Rb4+
52. Kg3 Rb3+ 53. Kf4 Rb4+ 54. Ke3 Rb3+ 55. Kd4 Kh7 56. Rxf8 Rxb7 57. h4 Kg6 58.
Nf6 Rb4+ 59. Ke5 Rb5+ 60. Kf4 Rb4+ 61. Ne4 Kg7 62. Rd8 Kg6 63. Rg8+ Kh7 64. Rd8
Kg6 65. Rh8 Kg7 66. Rh6 Ra4 67. Rf6 Rb4 68. h5 Ra4 69. h6+ Kg8 70. g6 fxg6 71.
Rxg6+ Kh7 72. Rxe6 Rb4 73. Kg4 Ra4 74. Kh5 Ra8 75. Nf6+ Kh8 76. Re8+ Rxe8 77.
Nxe8 1-0

[Event "GBR-ch 108th"]
[Site "Torquay"]
[Date "2022.08.20"]
[Round "8.3"]
[White "Pert, Richard G"]
[Black "Arkell, Keith C"]
[Result "1/2-1/2"]
[WhiteElo "2411"]
[BlackElo "2409"]
[PlyCount "44"]
[EventDate "2022.08.13"]
[EventType "swiss"]
[EventRounds "9"]
[EventCountry "GBR"]
[SourceTitle "BritBase"]
[Source "John Saunders"]
[SourceDate "2022.08.22"]
[SourceVersion "1"]
[SourceVersionDate "2022.08.22"]
[SourceQuality "2"]

1. e4 e6 2. d4 d5 3. e5 c5 4. c3 Nc6 5. Nf3 Nge7 6. Na3 Nf5 7. Nc2 cxd4 8. cxd4
Be7 9. Bd3 h5 10. Bd2 g5 11. h3 Bd7 12. g3 a5 13. Kf1 Nb4 14. Bxb4 axb4 15. Qd2
Rg8 16. Ne3 Nxe3+ 17. Qxe3 Qb6 18. g4 Bb5 19. Kg2 Bxd3 20. Qxd3 Rh8 21. Rhc1
hxg4 22. hxg4 Kd7 1/2-1/2

[Event "GBR-ch 108th"]
[Site "Torquay"]
[Date "2022.08.20"]
[Round "8.5"]
[White "Clarke, Brandon G I"]
[Black "Willow, Jonah B"]
[Result "1/2-1/2"]
[WhiteElo "2474"]
[BlackElo "2393"]
[PlyCount "148"]
[EventDate "2022.08.13"]
[EventType "swiss"]
[EventRounds "9"]
[EventCountry "GBR"]
[SourceTitle "BritBase"]
[Source "John Saunders"]
[SourceDate "2022.08.22"]
[SourceVersion "1"]
[SourceVersionDate "2022.08.22"]
[SourceQuality "2"]

1. e4 c5 2. Nf3 e6 3. d4 cxd4 4. Nxd4 Nc6 5. Nc3 Qc7 6. Be3 a6 7. Qf3 b5 8. Qg3
Qxg3 9. hxg3 Nxd4 10. Bxd4 Bb7 11. f3 Ne7 12. O-O-O Nc6 13. Be3 Bb4 14. Ne2 f6
15. g4 Ne5 16. Kb1 Be7 17. b3 Rc8 18. Bd4 Bd6 19. Be3 Nf7 20. Nf4 Ke7 21. Nd3
Rc6 22. Nb2 Ba3 23. Nd3 h6 24. Be2 Rhc8 25. Rd2 d6 26. Rhd1 a5 27. f4 a4 28.
Bf3 axb3 29. axb3 Ra6 30. e5 Bxf3 31. exd6+ Bxd6 32. gxf3 e5 33. f5 Rca8 34.
Nc5 Ra1+ 35. Kb2 R1a2+ 36. Kc3 Rc8 37. Kb4 Rb8 38. c4 Ra6 39. Rd5 bxc4+ 40.
Kxc4 Rab6 41. Ra1 Rb4+ 42. Kc3 Ke8 43. Ra6 Bxc5 44. Re6+ Be7 45. Rxe7+ Kxe7 46.
Bc5+ Ke8 47. Bxb4 h5 48. gxh5 Nh6 49. Ra5 Rb7 50. Ra8+ Kd7 51. Bf8 Kc6 52. b4
Nxf5 53. Bc5 Nh4 54. Ra6+ Kb5 55. Ra5+ Kc6 56. h6 gxh6 57. Ra6+ Kb5 58. Rxf6 h5
59. Kb3 Ng2 60. Rf5 Rh7 61. Rxe5 Kc6 62. Kc4 h4 63. Re6+ Kb7 64. Rb6+ Kc8 65.
Bd6 Rh6 66. Kc5 Kd7 67. Rb7+ Ke6 68. Re7+ Kf6 69. Re2 h3 70. Bh2 Nh4 71. b5
Rh5+ 72. Kc6 Nxf3 73. Rb2 Nd4+ 74. Kb6 Rxb5+ 1/2-1/2

[Event "GBR-ch 108th"]
[Site "Torquay"]
[Date "2022.08.20"]
[Round "8.6"]
[White "Kirk, Ezra"]
[Black "Taylor, Adam A"]
[Result "1-0"]
[WhiteElo "2442"]
[BlackElo "2204"]
[PlyCount "79"]
[EventDate "2022.08.13"]
[EventType "swiss"]
[EventRounds "9"]
[EventCountry "GBR"]
[SourceTitle "BritBase"]
[Source "John Saunders"]
[SourceDate "2022.08.22"]
[SourceVersion "1"]
[SourceVersionDate "2022.08.22"]
[SourceQuality "2"]

1. e4 c5 2. Nf3 Nc6 3. c3 d5 4. exd5 Qxd5 5. Na3 Bg4 6. Be2 Nf6 7. O-O e6 8.
Nc2 Qd6 9. d4 Rd8 10. Be3 Qc7 11. Qe1 Nd5 12. Bg5 Be7 13. dxc5 Bxf3 14. Bxe7
Qxe7 15. Bxf3 Qxc5 16. Rd1 O-O 17. Nd4 Nce7 18. g3 Rd6 19. Qe2 Rfd8 20. Nb3 Qc7
21. c4 Nb4 22. Rxd6 Rxd6 23. a3 Nbc6 24. c5 Rd7 25. Rd1 Nf5 26. Bxc6 Qxc6 27.
Rxd7 Qxd7 28. Qd2 Qc7 29. Na5 g6 30. b4 h5 31. h4 b6 32. Nb3 Kh7 33. Qd3 bxc5
34. bxc5 Qc6 35. Qc4 Ne7 36. a4 Qb7 37. Nd4 Qe4 38. Qc3 e5 39. Nf3 Nc6 40. Ng5+
1-0

[Event "GBR-ch 108th"]
[Site "Torquay"]
[Date "2022.08.20"]
[Round "8.7"]
[White "Claridge-Hansen, William"]
[Black "Davies, Nigel R"]
[Result "1/2-1/2"]
[WhiteElo "2345"]
[BlackElo "2425"]
[PlyCount "92"]
[EventDate "2022.08.13"]
[EventType "swiss"]
[EventRounds "9"]
[EventCountry "GBR"]
[SourceTitle "BritBase"]
[Source "John Saunders"]
[SourceDate "2022.08.22"]
[SourceVersion "1"]
[SourceVersionDate "2022.08.22"]
[SourceQuality "2"]

1. c4 e6 2. g3 Nf6 3. Bg2 d5 4. Nf3 Be7 5. O-O O-O 6. b3 Nbd7 7. Bb2 c6 8. d3
b6 9. e4 Bb7 10. Qe2 c5 11. e5 Ne8 12. Ne1 Nc7 13. f4 b5 14. Nd2 f5 15. exf6
Bxf6 16. Bxf6 Qxf6 17. Nef3 Rae8 18. Rfe1 Ba8 19. Ne5 Nxe5 20. Qxe5 Qxe5 21.
Rxe5 bxc4 22. bxc4 Na6 23. Nb3 dxc4 24. dxc4 Bxg2 25. Kxg2 Rf5 26. Rd1 Rxe5 27.
fxe5 Nb4 28. Nxc5 Nxa2 29. Rd6 Nb4 30. Nxe6 Nd3 31. Nxg7 Ne1+ 32. Kf2 Kxg7 33.
Kxe1 Rxe5+ 34. Kd2 Ra5 35. Kc3 h5 36. Rd5 Rxd5 37. cxd5 a5 38. h3 Kf6 39. g4
hxg4 40. hxg4 Ke5 41. Kc4 a4 42. g5 a3 43. Kb3 Kxd5 44. g6 Ke6 45. g7 Kf7 46.
Kxa3 Kxg7 1/2-1/2

[Event "GBR-ch 108th"]
[Site "Torquay"]
[Date "2022.08.20"]
[Round "8.8"]
[White "Jackson, James P"]
[Black "Merriman, John"]
[Result "1-0"]
[WhiteElo "2406"]
[BlackElo "2297"]
[PlyCount "101"]
[EventDate "2022.08.13"]
[EventType "swiss"]
[EventRounds "9"]
[EventCountry "GBR"]
[SourceTitle "BritBase"]
[Source "John Saunders"]
[SourceDate "2022.08.22"]
[SourceVersion "1"]
[SourceVersionDate "2022.08.22"]
[SourceQuality "2"]

1. e4 e6 2. d4 d5 3. e5 c5 4. c3 Nc6 5. Nf3 Qb6 6. Bd3 cxd4 7. O-O Bd7 8. Re1
Rc8 9. Nbd2 a6 10. Nb3 dxc3 11. bxc3 Na5 12. Be3 Qc7 13. Nxa5 Qxa5 14. Rb1 Qc7
15. Bb6 Qxc3 16. Re3 Bc5 17. Rb3 Bxb6 18. Rxc3 Rxc3 19. Re2 Bc6 20. Rb2 Bc5 21.
Qd2 d4 22. Rb3 Rxb3 23. axb3 Ne7 24. b4 Bb6 25. Ng5 Ng6 26. f4 Bd5 27. g3 O-O
28. Qc1 f5 29. exf6 gxf6 30. Ne4 Ne7 31. Nc5 Rc8 32. Qd1 f5 33. Nd7 Bd8 34.
Nf6+ Kg7 35. Ne8+ Kh8 36. Nd6 Rb8 37. Qh5 Ng6 38. Nf7+ Kg7 39. Nxd8 Rxd8 40. h4
h6 41. Qd1 Ne7 42. Qe2 Nc6 43. g4 Be4 44. g5 Bd5 45. h5 b5 46. Qc2 Rh8 47. Bxf5
exf5 48. Qxf5 Rd8 49. gxh6+ Kg8 50. Qg6+ Kf8 51. Qg7+ 1-0

[Event "GBR-ch 108th"]
[Site "Torquay"]
[Date "2022.08.20"]
[Round "8.9"]
[White "Turner, Max N"]
[Black "Milchev, Nikolay"]
[Result "1/2-1/2"]
[WhiteElo "2247"]
[BlackElo "2408"]
[PlyCount "241"]
[EventDate "2022.08.13"]
[EventType "swiss"]
[EventRounds "9"]
[EventCountry "GBR"]
[SourceTitle "BritBase"]
[Source "John Saunders"]
[SourceDate "2022.08.22"]
[SourceVersion "1"]
[SourceVersionDate "2022.08.22"]
[SourceQuality "2"]

1. d4 Nf6 2. c4 c5 3. d5 b5 4. cxb5 a6 5. b6 d6 6. Nc3 Nbd7 7. Nf3 g6 8. e4 Bg7
9. Be2 O-O 10. O-O Qxb6 11. Nd2 a5 12. Nc4 Qc7 13. Na3 Ba6 14. Nab5 Bxb5 15.
Bxb5 Rab8 16. Qe2 Nb6 17. Bg5 Nc8 18. Rfe1 Nd7 19. a4 Ndb6 20. Rad1 Na7 21. Bf4
Nd7 22. Bxd7 Qxd7 23. e5 Rb4 24. Bg3 Nc8 25. Rd2 Nb6 26. Ne4 Nc4 27. Rc2 Nxe5
28. Nxc5 Qf5 29. Bxe5 Bxe5 30. Nd3 Rxa4 31. Nxe5 dxe5 32. Rc7 Qf6 33. g3 e4 34.
Qb5 Rb4 35. Qxa5 Rxb2 36. Qc5 e6 37. d6 Rd2 38. Rxe4 Qa1+ 39. Kg2 Qa8 40. Qc6
Rxd6 41. Qxa8 Rxa8 42. Rb4 Rd5 43. g4 g5 44. Rbb7 Rf8 45. Kg3 Kg7 46. f3 Rd3
47. Rd7 Re3 48. Kf2 Ra3 49. Ra7 Rxa7 50. Rxa7 h5 51. h3 h4 52. Ra5 Kg6 53. Rb5
Ra8 54. Rb2 Ra3 55. Re2 Kf6 56. Re4 Ra2+ 57. Kg1 Rd2 58. Re3 Ke7 59. Rb3 Kd6
60. Rb7 f6 61. Rb5 Rc2 62. Ra5 Rc5 63. Ra6+ Kd5 64. Rb6 Rc4 65. Kf2 Ke5 66. Rb2
Kf4 67. Ra2 e5 68. Rb2 e4 69. fxe4 Rc3 70. Kg2 Rg3+ 71. Kh2 Re3 72. Rf2+ Rf3
73. Ra2 Rf1 74. Kg2 Re1 75. Rf2+ Ke5 76. Rf5+ Ke6 77. Ra5 Rxe4 78. Rb5 Re2+ 79.
Kg1 Rd2 80. Ra5 Rd5 81. Ra6+ Ke5 82. Ra2 Rd3 83. Kg2 Ke4 84. Re2+ Re3 85. Rf2
Rg3+ 86. Kh2 Rf3 87. Ra2 Rd3 88. Rf2 Rd6 89. Rf5 Ke3 90. Kg2 Rd2+ 91. Kg1 Rd6
92. Kg2 Ke4 93. Kg1 Rd3 94. Kg2 Rg3+ 95. Kh2 Rf3 96. Ra5 Rf2+ 97. Kg1 Rf3 98.
Kg2 Rg3+ 99. Kh2 Rd3 100. Rf5 Rf3 101. Ra5 f5 102. gxf5 Rf2+ 103. Kg1 Rxf5 104.
Ra4+ Ke3 105. Ra3+ Kf4 106. Kg2 Rd5 107. Ra2 Rd3 108. Rf2+ Ke4 109. Re2+ Re3
110. Ra2 Rg3+ 111. Kh2 Rd3 112. Rg2 Rd5 113. Rg4+ Kf3 114. Kh1 Kf2 115. Kh2 Rf5
116. Kh1 Rf3 117. Rg2+ Kf1 118. Rg1+ Kf2 119. Rg2+ Kf1 120. Rg1+ Kf2 121. Rg2+
1/2-1/2

[Event "GBR-ch 108th"]
[Site "Torquay"]
[Date "2022.08.20"]
[Round "8.10"]
[White "Wells, Peter K"]
[Black "Kolbus, Dietmar"]
[Result "1/2-1/2"]
[WhiteElo "2396"]
[BlackElo "2272"]
[PlyCount "39"]
[EventDate "2022.08.13"]
[EventType "swiss"]
[EventRounds "9"]
[EventCountry "GBR"]
[SourceTitle "BritBase"]
[Source "John Saunders"]
[SourceDate "2022.08.22"]
[SourceVersion "1"]
[SourceVersionDate "2022.08.22"]
[SourceQuality "2"]

1. c4 e6 2. g3 Nf6 3. Bg2 d5 4. Nf3 Be7 5. O-O O-O 6. d4 a6 7. b3 b6 8. cxd5
exd5 9. Nc3 Bb7 10. Bb2 Nbd7 11. Rc1 Bd6 12. Nh4 g6 13. Qc2 Re8 14. Nf3 Qe7 15.
Nd2 Ra7 16. Rce1 c5 17. dxc5 Nxc5 18. Nf3 Nce4 19. Rc1 Raa8 20. e3 1/2-1/2

[Event "GBR-ch 108th"]
[Site "Torquay"]
[Date "2022.08.20"]
[Round "8.11"]
[White "Richardson, John R"]
[Black "Balaji, Aaravamudhan"]
[Result "0-1"]
[WhiteElo "2296"]
[BlackElo "2194"]
[PlyCount "120"]
[EventDate "2022.08.13"]
[EventType "swiss"]
[EventRounds "9"]
[EventCountry "GBR"]
[SourceTitle "BritBase"]
[Source "John Saunders"]
[SourceDate "2022.08.22"]
[SourceVersion "1"]
[SourceVersionDate "2022.08.22"]
[SourceQuality "2"]

1. d4 Nf6 2. c4 g6 3. g3 Bg7 4. Bg2 d5 5. cxd5 Nxd5 6. e4 Nb6 7. Ne2 c5 8. d5
e6 9. Nbc3 O-O 10. O-O exd5 11. exd5 Bf5 12. Be3 N8d7 13. b3 Re8 14. Qd2 Rc8
15. d6 Ne5 16. Bxb7 Qd7 17. Bg2 Bh3 18. Bh6 Bxg2 19. Kxg2 Qc6+ 20. f3 Bxh6 21.
Qxh6 Ng4 22. Qh4 Ne3+ 23. Kf2 Nxf1 24. Rxf1 f5 25. Nf4 Qxd6 26. Rd1 Qe5 27.
Ncd5 Nxd5 28. Rxd5 Qe1+ 29. Kg2 Qe7 30. Qxe7 Rxe7 31. h4 c4 32. bxc4 Rxc4 33.
h5 g5 34. Nd3 Rc2+ 35. Kh3 Re3 36. Nb4 Rb2 37. Nc6 Rxf3 38. h6 Rff2 39. Ne7+
Kf7 40. Nxf5 Ke6 41. Ne3 Rbe2 42. Rd8 Rh2+ 43. Kg4 Rxh6 44. a3 Rg6 45. Ra8 Rg7
46. Nf5 h5+ 47. Kf3 Kxf5 48. Rf8+ Kg6 49. Kxe2 Re7+ 50. Kd2 Rf7 51. Rc8 Rf3 52.
Rc6+ Kf5 53. Ra6 Kg4 54. Rxa7 Kxg3 55. Ra5 Kg4 56. Ke2 Rf4 57. a4 h4 58. Ra8 h3
59. a5 h2 60. Rh8 Kg3 0-1

[Event "GBR-ch 108th"]
[Site "Torquay"]
[Date "2022.08.20"]
[Round "8.12"]
[White "Dishman, Stephen"]
[Black "Lan Yao"]
[Result "1/2-1/2"]
[WhiteElo "2248"]
[BlackElo "2274"]
[PlyCount "76"]
[EventDate "2022.08.13"]
[EventType "swiss"]
[EventRounds "9"]
[EventCountry "GBR"]
[SourceTitle "BritBase"]
[Source "John Saunders"]
[SourceDate "2022.08.22"]
[SourceVersion "1"]
[SourceVersionDate "2022.08.22"]
[SourceQuality "2"]

1. Nf3 Nf6 2. c4 e6 3. g3 d5 4. d4 dxc4 5. Bg2 a6 6. O-O Nc6 7. e3 Rb8 8. Nfd2
e5 9. Bxc6+ bxc6 10. dxe5 Ng4 11. Nxc4 Be6 12. Nbd2 Bb4 13. Qc2 h5 14. b3 h4
15. Nf3 hxg3 16. fxg3 Qe7 17. e4 Rh5 18. h4 Bxc4 19. Qxc4 Nxe5 20. Nxe5 Rxe5
21. Qxc6+ Kf8 22. Bb2 Re6 23. Qc4 Bc5+ 24. Bd4 Bxd4+ 25. Qxd4 Rxe4 26. Qd5 Re6
27. Rac1 Rg6 28. Rf3 Kg8 29. Rcf1 Rf8 30. Kh2 Rd6 31. Qc4 Qd7 32. R1f2 Re6 33.
Rd3 Qe7 34. Rdf3 Qd6 35. Rd3 Qe5 36. Rdf3 Qd6 37. Rd3 Qe5 38. Rdf3 Qd6 1/2-1/2

[Event "GBR-ch 108th"]
[Site "Torquay"]
[Date "2022.08.20"]
[Round "8.13"]
[White "Villiers, Thomas"]
[Black "Ward, Christopher"]
[Result "1/2-1/2"]
[WhiteElo "2170"]
[BlackElo "2402"]
[PlyCount "130"]
[EventDate "2022.08.13"]
[EventType "swiss"]
[EventRounds "9"]
[EventCountry "GBR"]
[SourceTitle "BritBase"]
[Source "John Saunders"]
[SourceDate "2022.08.22"]
[SourceVersion "1"]
[SourceVersionDate "2022.08.22"]
[SourceQuality "2"]

1. e4 c5 2. d4 cxd4 3. c3 d3 4. c4 g6 5. Nc3 Bg7 6. Qxd3 Nc6 7. Nf3 d6 8. Be2
Bg4 9. O-O Rc8 10. Bf4 Nf6 11. Qe3 O-O 12. Rfd1 Qa5 13. e5 Nh5 14. exd6 exd6
15. Bxd6 Rfe8 16. Qd2 Bxc3 17. bxc3 Nf6 18. Bb4 Qb6 19. c5 Qc7 20. h3 Ne4 21.
Qc2 Bf5 22. Bd3 Qf4 23. Re1 Rcd8 24. Re3 Ng5 25. Rxe8+ Rxe8 26. Nxg5 Bxd3 27.
Qxd3 Qxg5 28. Rd1 Qf4 29. Qb5 Re7 30. Ba3 a6 31. Qd3 Qa4 32. c4 Ne5 33. Qb3 Qc6
34. Bb2 Nd7 35. Qc3 f6 36. Qa5 Nxc5 37. Qd8+ Re8 38. Qxf6 Qxf6 39. Bxf6 Re4 40.
Bd4 Ne6 41. Bb6 Rxc4 42. Rd7 Ra4 43. Rxb7 Rxa2 44. Ra7 Nf4 45. h4 Nd5 46. Bd4
Ra4 47. Bb2 Rb4 48. Be5 Re4 49. f4 Nxf4 50. Bxf4 Rxf4 51. Rxa6 Rxh4 52. Ra7 Rf4
53. Kh2 Rf7 54. Ra5 Kg7 55. Kg3 Rb7 56. Kf3 Rb3+ 57. Kf4 h5 58. Ra8 Rb4+ 59.
Kg3 Re4 60. Ra5 Kf6 61. Ra6+ Kf5 62. Ra5+ Re5 63. Rxe5+ Kxe5 64. Kh4 Kf4 65. g4
hxg4 1/2-1/2

[Event "GBR-ch 108th"]
[Site "Torquay"]
[Date "2022.08.20"]
[Round "8.14"]
[White "Lane, Gary W"]
[Black "Birtwistle, Nigel"]
[Result "1/2-1/2"]
[WhiteElo "2328"]
[BlackElo "2151"]
[PlyCount "49"]
[EventDate "2022.08.13"]
[EventType "swiss"]
[EventRounds "9"]
[EventCountry "GBR"]
[SourceTitle "BritBase"]
[Source "John Saunders"]
[SourceDate "2022.08.22"]
[SourceVersion "1"]
[SourceVersionDate "2022.08.22"]
[SourceQuality "2"]

1. e4 c5 2. Nf3 g6 3. c4 Nc6 4. d4 cxd4 5. Nxd4 Nf6 6. Nc3 d6 7. Be2 Nxd4 8.
Qxd4 Bg7 9. O-O O-O 10. Qd3 a5 11. Bd2 Nd7 12. Rac1 Nc5 13. Qe3 a4 14. f4 f5
15. exf5 gxf5 16. Bf3 e6 17. Rb1 Qb6 18. b4 axb3 19. axb3 Ra6 20. Nb5 Bd7 21.
b4 Ne4 22. Qxb6 Rxb6 23. Be3 Ra6 24. Nd4 Ra3 25. Rb3 1/2-1/2

[Event "GBR-ch 108th"]
[Site "Torquay"]
[Date "2022.08.20"]
[Round "8.15"]
[White "Storey, Charles H"]
[Black "Rudd, Jack"]
[Result "0-1"]
[WhiteElo "2167"]
[BlackElo "2318"]
[PlyCount "120"]
[EventDate "2022.08.13"]
[EventType "swiss"]
[EventRounds "9"]
[EventCountry "GBR"]
[SourceTitle "BritBase"]
[Source "John Saunders"]
[SourceDate "2022.08.22"]
[SourceVersion "1"]
[SourceVersionDate "2022.08.22"]
[SourceQuality "2"]

1. d4 Nf6 2. Bf4 c5 3. d5 Qb6 4. Nc3 Qxb2 5. Bd2 Qb6 6. e4 d6 7. f4 Bg4 8. Nf3
Nbd7 9. h3 Bxf3 10. Qxf3 g6 11. Rb1 Qc7 12. Nb5 Qb8 13. Bc3 Bg7 14. g4 a6 15.
Na3 b5 16. Nc4 Qc7 17. Ne3 c4 18. Bg2 Nc5 19. e5 Nfe4 20. Bb4 O-O 21. O-O dxe5
22. f5 Bh6 23. d6 exd6 24. Nd5 Qa7 25. Kh1 Bg5 26. Be1 Rad8 27. h4 Nd2 28. Qh3
Bh6 29. Bxd2 Bxd2 30. Rbd1 Bf4 31. Rxf4 exf4 32. Qc3 Na4 33. Qf3 Rfe8 34. Qxf4
Re5 35. Nf6+ Kg7 36. Nh5+ Kf8 37. fxg6 hxg6 38. Qf6 gxh5 39. Qxd8+ Kg7 40. Rf1
Qe7 41. Qxe7 Rxe7 42. g5 Nc3 43. Bf3 Ne4 44. Ra1 Ng3+ 45. Kg2 Nf5 46. Bxh5
Nxh4+ 47. Kg3 Nf5+ 48. Kf4 Ne3 49. Rc1 Nd5+ 50. Kg3 Nc3 51. Ra1 b4 52. Kf4 a5
53. Bg4 Ne2+ 54. Kf3 Nd4+ 55. Kf4 Nxc2 56. Rc1 Ne3 57. Bf3 d5 58. Be2 a4 59.
Rh1 Re4+ 60. Kf3 Nf5 0-1